000
00313nam a22001337a 4500
008
180207b xxu||||| |||| 00| 0 eng d
020
_a
9780781791502
041
_a
eng
080
_a
616.34
100
_a
9
101
_a
SHM
245
_a
GASTROENTEROLOGY SUBSPECIALTY CONSULT
_c
PRAKASH.C.G
942
_2
udc
_c
BK
999
_c
41971
_d
41971